| 000 | 00409nam a2200181Ia 4500 | ||
|---|---|---|---|
| 001 | 10530 | ||
| 005 | 20260306161839.0 | ||
| 008 | 260306t1996||||xx |||||||||||||| ||spa|| | ||
| 041 | _aESP | ||
| 082 |
_a940.14 _bG19 |
||
| 100 |
_aGanshof, F. L. _eAUT |
||
| 245 | 0 | _aFeudalism | |
| 260 | _c1996 | ||
| 300 |
_axviii, 176 páginas : _c23 cm. |
||
| 650 | _aGEN | ||
| 654 | _aCHU | ||
| 942 |
_cLIB _dJUS _fJUS _2ddc _n |
||
| 999 |
_c10530 _d10530 |
||